000 00739nam a2200205Ia 4500
001 9928
003 GE_BSU
008 181216s||||||||xx |||||||||||||| ||und||
040 _cGE_BSU
080 _a821.353.1–32
100 _aმგალობლიშვილი,სოფრომ
245 _aრჩეული მოთხრობები
245 _cრედ.გ.თავზიშვილი რედ.ბ.მირცხულავა.მხატვ.ლ.გრიგოლია
260 _aთბილისი
260 _bსაბჭოთა საქართველო
260 _c1963
300 _a734გვ.22სმ.
653 _aრჩეული მოთხრობები
942 _cBK
999 _c43203
_d43203